ბათუმის შოთა რუსთაველის სახელმწიფო უნივერსიტეტის ბიბლიოთეკა

შენ ხარ ვენახი. (ბიბ.ჩანაწერი № 43931)

000 -LEADER
fixed length control field 00689nam a2200217Ia 4500
001 - CONTROL NUMBER
control field 10680
003 - CONTROL NUMBER IDENTIFIER
control field GE_BSU
008 - FIXED-LENGTH DATA ELEMENTS--GENERAL INFORMATION
fixed length control field 181216s||||||||xx |||||||||||||| ||und||
040 ## - CATALOGING SOURCE
Transcribing agency GE_BSU
080 ## - UNIVERSAL DECIMAL CLASSIFICATION NUMBER
Universal Decimal Classification number 821.353.1-1
100 ## - MAIN ENTRY--PERSONAL NAME
Personal name ფორჩხიძე,შალვა
245 ## - TITLE STATEMENT
Title შენ ხარ ვენახი.
245 ## - TITLE STATEMENT
Remainder of title ლექსები
245 ## - TITLE STATEMENT
Statement of responsibility, etc. რედ.ალეკო შენგელია;მხატვ.ირ.ჯანაშვილი
260 ## - PUBLICATION, DISTRIBUTION, ETC.
Place of publication, distribution, etc. თბილისი.
260 ## - PUBLICATION, DISTRIBUTION, ETC.
Name of publisher, distributor, etc. საბჭ.მწერალი.
260 ## - PUBLICATION, DISTRIBUTION, ETC.
Date of publication, distribution, etc. 1956.
300 ## - PHYSICAL DESCRIPTION
Extent 147გვ;16სმ.
653 ## - INDEX TERM--UNCONTROLLED
Uncontrolled term შენ ხარ ვენახი.
942 ## - ADDED ENTRY ELEMENTS (KOHA)
Koha item type წიგნი
ეგზემპლარები
Withdrawn status Lost status Damaged status Not for loan Date acquired Barcode Date last seen Price effective from Koha item type
        2018-12-17 34956 2018-12-17 2018-12-17 წიგნი
        2018-12-17 34957 2018-12-17 2018-12-17 წიგნი